[Event "Box Hill op"]
[Site "Box Hill"]
[Date "2019.10.18"]
[Round "1"]
[White "Dissanayake, Himath"]
[Black "Morrison, Jennifer"]
[Result "1/2-1/2"]
[WhiteElo "1849"]
[BlackElo "1116"]
[PlyCount "50"]
[EventDate "2019.10.18"]
[EventType "swiss"]
[EventRounds "9"]
[EventCountry "AUS"]
[SourceTitle "EXT 2021"]
[Source "ChessBase"]
[SourceDate "2020.10.23"]
[SourceVersion "1"]
[SourceVersionDate "2020.10.23"]
[SourceQuality "1"]

1. d4 d5 2. c4 e6 3. Nc3 Bb4 4. e3 Nf6 5. Bd3 0-0 6. Nf3 b6 7. 0-0 Bb7 8. a3 Bxc3 9. bxc3 Nbd7 10. a4 dxc4 11. Bxc4 Nd5 12. Bd2 N7f6 13. Bd3 a6 14. e4 Ne7 15. Re1 Rc8 16. e5 Nd7 17. Bxh7+ Kh8 18. Ng5 g6 19. Qg4 Kg7 20. Re3 Rh8 21. Rh3 Nf8 22. Bxg6 Nfxg6 23. Rxh8 Qxh8 24. Nf3 Nf5 25. Bg5 Qh7 1/2-1/2